Controversia sobre el límite chileno-argentino entre los hitos 16 y 17: Laudo del Gobierno Británico e Informe de la Corte de Arbitraje 1966. Edición bilingüe
I tiakina i:
| Kaituhi rangatōpū: | |
|---|---|
| Hōputu: | Pukapuka |
| Reo: | Ingarihi Pāniora |
| I whakaputaina: |
Santiago
Ministerio de RR. Exteriores
1970
|
| Putanga: | 1a. ed |
| Ngā marau: | |
| Ngā Tūtohu: |
Tāpirihia he Tūtohu
Kāore He Tūtohu, Me noho koe te mea tuatahi ki te tūtohu i tēnei pūkete!
|
MARC
| LEADER | 00000nam a2200000 a 4500 | ||
|---|---|---|---|
| 001 | UCJ5544 | ||
| 003 | CL-VaPUC | ||
| 008 | 070124e19700000CL |||||||||||||||||eng|d | ||
| 041 | 0 | 7 | |a eng |2 CL-VaPUC |
| 041 | 0 | 7 | |a spa |2 CL-VaPUC |
| 082 | 0 | 4 | |a 983 |b REP |2 21 |
| 110 | 2 | |a República de Chile. Ministerio de Relaciones Exteriores |e author |9 510808 | |
| 245 | 1 | 0 | |a Controversia sobre el límite chileno-argentino entre los hitos 16 y 17: Laudo del Gobierno Británico e Informe de la Corte de Arbitraje 1966. Edición bilingüe |
| 250 | |a 1a. ed | ||
| 300 | |a 171 p | ||
| 942 | |c BK | ||
| 945 | |d 20070124 00:00:00 |a rinostro | ||
| 260 | |a Santiago |b Ministerio de RR. Exteriores |c 1970 | ||
| 500 | |a Mapa de la zona en litigio | ||
| 650 | 0 | |a Diplomacia |9 256483 | |
| 650 | 0 | |a Límites con Argentina |9 504170 | |
| 650 | 7 | |a LAUDO ARBITRAL |2 CL-VaPUC |9 510809 | |
| 650 | 0 | |a Historia |9 255047 | |
| 650 | 0 | |a Mapas |9 260844 | |
| 650 | 0 | |a Historia de Chile |9 265473 | |
| 583 | |a last modification |c 20070124 00:00:00 |k Rodrigo Vera | ||
| 999 | |c 321653 |d 321651 | ||
| 952 | |0 0 |1 0 |4 0 |6 983_000000000000000_REP_1970 |7 0 |8 X |9 400454 |a FDOBUD |b FDOBUD |d 2019-11-22 |i 1036106 |o 983 REP 1970 |p 1036106 |r 2019-11-22 |w 2019-11-22 |y BK_X |k BUD | ||